Rumi's Daughter /

Bibliographic Details
Main Author: Maufroy, Muriel (Author)
Format: Book
Language:English
Published: London : Rider, 2005.
Subjects:
Classic Catalogue: View this record in Classic Catalogue
LEADER 01132nam a22002657a 4500
001 44508
003 BD-DhAAL
005 20250723111553.0
008 250723t2005 enk||||| |||| 00| faeng d
020 |a 9781844135837 
020 |a 1844135837 
040 |a BD-DhAAL  |c BD-DhAAL 
082 |a 823.914  |2 23 
100 |a Maufroy, Muriel,  |e author.  |9 58820 
245 |a Rumi's Daughter /  |c Muriel Maufroy. 
260 |a London :  |b Rider,  |c 2005. 
300 |a 226 pages ;  |c 20 cm 
541 |a Donated by Farhana Zahir, Assistant Professor, BRAC Business School  |e 44508 
600 |a Jalāl al-Dīn Rūmī,  |c Maulana,  |d 1207-1273,  |v Fiction.  |9 58814 
650 |a English fiction. 
650 |a English literature. 
852 |a Ayesha Abed Library  |c General Stacks 
942 |2 ddc  |c BK 
999 |c 47342  |d 47342 
952 |0 0  |1 0  |2 ddc  |4 0  |6 823_914000000000000_MAU  |7 0  |9 77890  |a BRACUL  |b BRACUL  |c NEW  |d 2025-07-23  |e Donated by Farhana Zahir, Assistant Professor, BRAC Business School  |l 4  |m 32  |o 823.914 MAU  |p 3010044508  |r 2026-05-16  |s 2026-02-17  |t 1  |w 2025-07-23  |y BK  |x Donated by Farhana Zahir, Assistant Professor, BRAC Business School ; £8.99 ; Displayed on 28 July 2025